=LDR 00000nam 2200000 4500 =001 000148 =020 $9786025868023 =082 $153.800 =100 $Emily Hipburn Sell =245 $The spirit of loving =250 $Cetakan V =264 $Yogyakarta: Bright Publisher 2024 =300 $104 halaman; 20 cm. =650 $Psikologi =905 $153.8 EMI s =336 $$a =337 $$a =338 $$a =005 20260702151432.0 =008 260702s2026\\\\\\\\\\\\\\\\\\\\\\\\\\\\\\\\\\\\\\\\\